| 000 | 00000nam##2200000za#4500 |
| 001 | 9.663206 |
| 003 | CaOODSP |
| 005 | 20220328113336 |
| 007 | ta |
| 008 | 150407|2001||||xxc||||| f|0| 0 fre|d |
| 020 | |a0-662-66074-9 |
| 040 | |aCaOODSP|bfre |
| 041 | |aeng |
| 041 | |afre |
| 043 | |an-cn--- |
| 086 | 1 |aC2-592/2001 |
| 110 | 1 |aCanada. |bIndustrie Canada. |
| 245 | 10|aPasserelle d'information pour le consommateur canadien |
| 260 | |aOttawa - Ontario : |bIndustrie Canada |c2001. |
| 546 | |aBilingue |
| 563 | |aDépliant |
| 590 | |a02-02|b2002-01-11 |
| 691 | 07|aProtection du consommateur|2gcpds |
| 691 | 07|aSite Web|2gcpds |
| 791 | |tCanadian Consumer Information Gateway |eeng|w(CaOODSP)9.663205 |